[Event "ODJM B 2024"]
[Site "Willingen GER"]
[Date "2024.05.22"]
[Round "6"]
[White "Golke, Philipp"]
[Black "Hendler, Maximilian"]
[Result "0-1"]
[Termination "normal"]
[Board "34"]
[WhiteElo "1709"]
[BlackElo "1616"]
[WhiteClock "00:44:50"]
[BlackClock "00:46:27"]
[PlyCount "62"]
[WhiteFideId "34625259"]
[BlackFideId "34616500"]
[EventCountry "GER"]
[EventRounds "9"]
[EventType "swiss"]
[EventDate "2024.05.18"]

1. e4 {[%clk 01:30:57]} {[%emt 00:00:03]} c5 {[%clk 01:30:53]} {[%emt
00:00:07]} 2. Nf3 {[%clk 01:31:22]} {[%emt 00:00:05]} d6 {[%clk 01:31:17]}
{[%emt 00:00:05]} 3. d4 {[%clk 01:31:47]} {[%emt 00:00:05]} cxd4 {[%clk
01:31:43]} {[%emt 00:00:04]} 4. Nxd4 {[%clk 01:32:09]} {[%emt 00:00:08]} Nf6
{[%clk 01:32:07]} {[%emt 00:00:07]} 5. Nc3 {[%clk 01:32:32]} {[%emt 00:00:07]}
g6 {[%clk 01:32:30]} {[%emt 00:00:07]} 6. f3 {[%clk 01:32:17]} {[%emt
00:00:44]} Bg7 {[%clk 01:32:49]} {[%emt 00:00:11]} 7. Be3 {[%clk 01:32:36]}
{[%emt 00:00:11]} O-O {[%clk 01:32:34]} {[%emt 00:00:46]} 8. Bd3 {[%clk
01:32:06]} {[%emt 00:01:00]} Nc6 {[%clk 01:32:41]} {[%emt 00:00:23]} 9. Qd2
{[%clk 01:30:57]} {[%emt 00:01:40]} Bd7 {[%clk 01:27:20]} {[%emt 00:05:50]} 10.
Nb3 {[%clk 01:30:33]} {[%emt 00:00:53]} a6 {[%clk 01:26:18]} {[%emt 00:01:33]}
11. Bh6 {[%clk 01:26:52]} {[%emt 00:04:11]} b5 {[%clk 01:20:00]} {[%emt
00:06:48]} 12. Bxg7 {[%clk 01:21:25]} {[%emt 00:05:57]} Kxg7 {[%clk 01:20:09]}
{[%emt 00:00:21]} 13. h4 {[%clk 01:20:55]} {[%emt 00:00:58]} b4 {[%clk
01:17:34]} {[%emt 00:03:06]} 14. Nd5 {[%clk 01:16:57]} {[%emt 00:04:29]} a5
{[%clk 01:15:02]} {[%emt 00:03:02]} 15. h5 {[%clk 01:14:43]} {[%emt 00:02:44]}
Rh8 {[%clk 01:06:53]} {[%emt 00:08:38]} 16. h6+ {[%clk 01:09:00]} {[%emt
00:06:14]} Kf8 {[%clk 01:06:37]} {[%emt 00:00:46]} 17. Nxf6 {[%clk 01:08:34]}
{[%emt 00:00:56]} exf6 {[%clk 01:06:55]} {[%emt 00:00:12]} 18. Bb5 {[%clk
01:06:34]} {[%emt 00:02:30]} Ke7 {[%clk 01:05:57]} {[%emt 00:01:28]} 19. Rd1
{[%clk 01:05:21]} {[%emt 00:01:43]} Qc7 {[%clk 01:05:53]} {[%emt 00:00:35]} 20.
Qd5 {[%clk 00:58:32]} {[%emt 00:07:17]} Na7 {[%clk 01:00:41]} {[%emt 00:05:43]}
21. Bxd7 {[%clk 00:58:28]} {[%emt 00:00:33]} Qxd7 {[%clk 01:00:55]} {[%emt
00:00:17]} 22. Nc5 {[%clk 00:57:47]} {[%emt 00:01:10]} Qc7 {[%clk 00:59:58]}
{[%emt 00:01:28]} 23. Nb7 {[%clk 00:56:28]} {[%emt 00:01:49]} Nc8 {[%clk
00:55:48]} {[%emt 00:04:40]} 24. Nd8 {[%clk 00:51:59]} {[%emt 00:04:59]} Nb6
{[%clk 00:55:28]} {[%emt 00:00:50]} 25. Nc6+ {[%clk 00:48:31]} {[%emt
00:03:57]} Kd7 {[%clk 00:52:51]} {[%emt 00:03:07]} 26. Qb5 {[%clk 00:45:45]}
{[%emt 00:03:16]} Qxc6 {[%clk 00:52:59]} {[%emt 00:00:23]} 27. Qd3 {[%clk
00:45:21]} {[%emt 00:00:53]} Rhe8 {[%clk 00:52:11]} {[%emt 00:01:18]} 28. O-O
{[%clk 00:45:25]} {[%emt 00:00:27]} Re6 {[%clk 00:48:48]} {[%emt 00:03:53]} 29.
Rfe1 {[%clk 00:45:14]} {[%emt 00:00:40]} Qc5+ {[%clk 00:47:55]} {[%emt
00:01:24]} 30. Kh1 {[%clk 00:45:18]} {[%emt 00:00:26]} Nc4 {[%clk 00:46:13]}
{[%emt 00:02:12]} 31. b3 {[%clk 00:44:50]} {[%emt 00:00:58]} Nb2 {[%clk
00:46:27]} {[%emt 00:00:16]} 0-1

[Event "ODJM B 2024"]
[Site "Willingen GER"]
[Date "2024.05.22"]
[Round "6"]
[White "Borgmann, Simon"]
[Black "Grunert, Greta"]
[Result "1/2-1/2"]
[Termination "normal"]
[Board "35"]
[WhiteElo "1683"]
[BlackElo "1590"]
[WhiteClock "00:45:27"]
[BlackClock "00:36:36"]
[PlyCount "41"]
[WhiteFideId "16234677"]
[BlackFideId "16258649"]
[EventCountry "GER"]
[EventRounds "9"]
[EventType "swiss"]
[EventDate "2024.05.18"]

1. d4 {[%clk 01:30:31]} {[%emt 00:00:29]} d5 {[%clk 01:30:44]} {[%emt
00:00:18]} 2. Nf3 {[%clk 01:30:55]} {[%emt 00:00:06]} e6 {[%clk 01:31:01]}
{[%emt 00:00:12]} 3. e3 {[%clk 01:30:19]} {[%emt 00:01:06]} Nf6 {[%clk
01:29:25]} {[%emt 00:02:06]} 4. Nbd2 {[%clk 01:25:56]} {[%emt 00:04:52]} Be7
{[%clk 01:27:27]} {[%emt 00:02:29]} 5. Bd3 {[%clk 01:25:54]} {[%emt 00:00:32]}
Nbd7 {[%clk 01:27:07]} {[%emt 00:00:50]} 6. b3 {[%clk 01:26:02]} {[%emt
00:00:21]} O-O {[%clk 01:25:29]} {[%emt 00:02:08]} 7. Bb2 {[%clk 01:26:25]}
{[%emt 00:00:07]} b6 {[%clk 01:24:05]} {[%emt 00:01:55]} 8. O-O {[%clk
01:26:47]} {[%emt 00:00:08]} c5 {[%clk 01:22:14]} {[%emt 00:02:21]} 9. c4
{[%clk 01:25:17]} {[%emt 00:01:59]} Bb7 {[%clk 01:21:34]} {[%emt 00:01:10]} 10.
Rc1 {[%clk 01:21:19]} {[%emt 00:04:28]} Rc8 {[%clk 01:14:34]} {[%emt 00:07:30]}
11. Ne5 {[%clk 01:16:10]} {[%emt 00:05:40]} Ba6 {[%clk 01:09:32]} {[%emt
00:05:32]} 12. Qe2 {[%clk 01:14:27]} {[%emt 00:02:13]} Nxe5 {[%clk 00:58:07]}
{[%emt 00:11:54]} 13. dxe5 {[%clk 01:14:37]} {[%emt 00:00:21]} dxc4 {[%clk
00:57:20]} {[%emt 00:01:16]} 14. Bxc4 {[%clk 01:13:24]} {[%emt 00:01:44]} Bxc4
{[%clk 00:57:27]} {[%emt 00:00:23]} 15. Nxc4 {[%clk 01:12:14]} {[%emt
00:01:39]} Nd5 {[%clk 00:55:19]} {[%emt 00:02:38]} 16. Rfd1 {[%clk 01:09:25]}
{[%emt 00:03:18]} Qc7 {[%clk 00:54:04]} {[%emt 00:01:46]} 17. g3 {[%clk
00:57:18]} {[%emt 00:12:38]} Rfd8 {[%clk 00:47:24]} {[%emt 00:07:10]} 18. e4
{[%clk 00:47:59]} {[%emt 00:09:48]} Nb4 {[%clk 00:46:59]} {[%emt 00:00:56]} 19.
a3 {[%clk 00:48:18]} {[%emt 00:00:11]} Nc6 {[%clk 00:46:59]} {[%emt 00:00:29]}
20. f4 {[%clk 00:45:54]} {[%emt 00:02:54]} Rxd1+ {[%clk 00:36:36]} {[%emt
00:10:53]} 21. Rxd1 {[%clk 00:45:27]} {[%emt 00:00:57]} 1/2-1/2

[Event "ODJM B 2024"]
[Site "Willingen GER"]
[Date "2024.05.22"]
[Round "6"]
[White "Pflug, Anton"]
[Black "Wolterink, Jule"]
[Result "1/2-1/2"]
[Termination "normal"]
[Board "36"]
[WhiteElo "1655"]
[BlackElo "1728"]
[WhiteClock "00:39:46"]
[BlackClock "00:11:07"]
[PlyCount "84"]
[WhiteFideId "34611495"]
[BlackFideId "12981206"]
[EventCountry "GER"]
[EventRounds "9"]
[EventType "swiss"]
[EventDate "2024.05.18"]

1. e4 {[%clk 01:30:56]} {[%emt 00:00:03]} e6 {[%clk 01:30:54]} {[%emt
00:00:07]} 2. d4 {[%clk 01:31:04]} {[%emt 00:00:21]} d5 {[%clk 01:31:16]}
{[%emt 00:00:09]} 3. e5 {[%clk 01:31:28]} c5 {[%clk 01:31:42]} {[%emt
00:00:09]} 4. c3 {[%clk 01:31:52]} {[%emt 00:00:06]} Qb6 {[%clk 01:32:09]}
{[%emt 00:00:03]} 5. Nf3 {[%clk 01:32:14]} {[%emt 00:00:07]} Bd7 {[%clk
01:32:31]} {[%emt 00:00:09]} 6. a3 {[%clk 01:28:12]} {[%emt 00:04:33]} Bb5
{[%clk 01:32:18]} {[%emt 00:00:43]} 7. Bxb5+ {[%clk 01:27:58]} {[%emt
00:00:44]} Qxb5 {[%clk 01:32:42]} {[%emt 00:00:06]} 8. b4 {[%clk 01:28:15]}
{[%emt 00:00:13]} cxd4 {[%clk 01:32:53]} {[%emt 00:00:19]} 9. cxd4 {[%clk
01:28:34]} {[%emt 00:00:11]} Nd7 {[%clk 01:31:19]} {[%emt 00:02:04]} 10. Bd2
{[%clk 01:23:53]} {[%emt 00:05:11]} Rc8 {[%clk 01:26:35]} {[%emt 00:05:14]} 11.
a4 {[%clk 01:19:25]} {[%emt 00:04:58]} Qc4 {[%clk 01:21:06]} {[%emt 00:05:59]}
12. Na3 {[%clk 01:17:56]} {[%emt 00:01:58]} Qd3 {[%clk 01:17:50]} {[%emt
00:03:46]} 13. Qe2 {[%clk 01:16:24]} {[%emt 00:02:02]} Qxe2+ {[%clk 01:11:25]}
{[%emt 00:06:55]} 14. Kxe2 {[%clk 01:16:52]} {[%emt 00:00:02]} Ne7 {[%clk
01:11:34]} {[%emt 00:00:22]} 15. Rhc1 {[%clk 01:16:06]} {[%emt 00:01:16]} Nb6
{[%clk 01:10:48]} {[%emt 00:01:16]} 16. a5 {[%clk 01:15:45]} {[%emt 00:00:51]}
Nc4 {[%clk 01:10:42]} {[%emt 00:00:36]} 17. Nxc4 {[%clk 01:16:04]} {[%emt
00:00:11]} dxc4 {[%clk 01:10:50]} {[%emt 00:00:22]} 18. b5 {[%clk 01:11:26]}
{[%emt 00:05:07]} Nd5 {[%clk 01:08:12]} {[%emt 00:03:09]} 19. Ne1 {[%clk
01:09:42]} {[%emt 00:02:13]} Bb4 {[%clk 01:05:20]} {[%emt 00:03:22]} 20. Bxb4
{[%clk 01:08:10]} {[%emt 00:02:03]} Nxb4 {[%clk 01:05:33]} {[%emt 00:00:17]}
21. Ra4 {[%clk 01:08:00]} {[%emt 00:00:40]} Nd5 {[%clk 01:03:19]} {[%emt
00:02:43]} 22. Raxc4 {[%clk 01:06:18]} {[%emt 00:02:12]} Kd7 {[%clk 01:01:59]}
{[%emt 00:01:51]} 23. g3 {[%clk 01:05:54]} {[%emt 00:00:54]} Rxc4 {[%clk
00:56:02]} {[%emt 00:06:27]} 24. Rxc4 {[%clk 01:04:40]} {[%emt 00:01:44]} Nc7
{[%clk 00:56:22]} {[%emt 00:00:10]} 25. Rb4 {[%clk 01:03:30]} {[%emt 00:01:40]}
Rc8 {[%clk 00:52:54]} {[%emt 00:03:58]} 26. Kd3 {[%clk 01:00:37]} {[%emt
00:03:22]} Nd5 {[%clk 00:50:25]} {[%emt 00:03:00]} 27. Rc4 {[%clk 00:59:39]}
{[%emt 00:01:28]} Nc7 {[%clk 00:49:42]} {[%emt 00:01:12]} 28. Rc5 {[%clk
00:57:42]} {[%emt 00:02:27]} b6 {[%clk 00:48:11]} {[%emt 00:02:01]} 29. axb6
{[%clk 00:57:58]} {[%emt 00:00:14]} axb6 {[%clk 00:48:33]} {[%emt 00:00:09]}
30. Rc6 {[%clk 00:58:21]} {[%emt 00:00:06]} Rb8 {[%clk 00:46:35]} {[%emt
00:02:28]} 31. Kc4 {[%clk 00:57:21]} {[%emt 00:01:30]} Nd5 {[%clk 00:45:48]}
{[%emt 00:01:17]} 32. Nc2 {[%clk 00:52:47]} {[%emt 00:05:03]} Ra8 {[%clk
00:44:11]} {[%emt 00:02:08]} 33. Rd6+ {[%clk 00:48:34]} {[%emt 00:04:43]} Ke7
{[%clk 00:40:56]} {[%emt 00:03:45]} 34. Ne3 {[%clk 00:47:09]} {[%emt 00:01:56]}
Ra4+ {[%clk 00:29:16]} {[%emt 00:12:10]} 35. Kd3 {[%clk 00:47:20]} {[%emt
00:00:18]} Ra3+ {[%clk 00:28:35]} {[%emt 00:01:11]} 36. Ke4 {[%clk 00:47:47]}
{[%emt 00:00:02]} Nc3+ {[%clk 00:26:12]} {[%emt 00:02:54]} 37. Kf4 {[%clk
00:47:13]} {[%emt 00:01:04]} Nxb5 {[%clk 00:24:44]} {[%emt 00:01:58]} 38. Rxb6
{[%clk 00:43:22]} {[%emt 00:04:21]} Nxd4 {[%clk 00:24:09]} {[%emt 00:01:06]}
39. Rb7+ {[%clk 00:43:28]} {[%emt 00:00:23]} Ke8 {[%clk 00:24:06]} {[%emt
00:00:33]} 40. Nc4 {[%clk 00:43:42]} {[%emt 00:00:17]} Ne2+ {[%clk 00:16:02]}
{[%emt 00:08:33]} 41. Kg4 {[%clk 00:39:47]} {[%emt 00:04:25]} Ra4 {[%clk
00:16:21]} {[%emt 00:00:11]} 42. Rc7 {[%clk 00:39:46]} {[%emt 00:00:31]} Kd8
{[%clk 00:11:07]} {[%emt 00:05:44]} 1/2-1/2

[Event "ODJM B 2024"]
[Site "Willingen GER"]
[Date "2024.05.22"]
[Round "6"]
[White "Rose, Simeon"]
[Black "Fize, Aleksandrs"]
[Result "0-1"]
[Termination "normal"]
[Board "37"]
[WhiteElo "1695"]
[BlackElo "1609"]
[WhiteClock "00:09:59"]
[BlackClock "01:30:22"]
[PlyCount "148"]
[WhiteFideId "34625062"]
[BlackFideId "34623779"]
[EventCountry "GER"]
[EventRounds "9"]
[EventType "swiss"]
[EventDate "2024.05.18"]

1. e4 {[%clk 01:30:58]} {[%emt 00:00:02]} c5 {[%clk 01:30:56]} {[%emt
00:00:05]} 2. Nf3 {[%clk 01:31:17]} {[%emt 00:00:11]} e6 {[%clk 01:31:21]}
{[%emt 00:00:04]} 3. d4 {[%clk 01:30:20]} {[%emt 00:01:28]} cxd4 {[%clk
01:31:46]} {[%emt 00:00:05]} 4. Nxd4 {[%clk 01:30:45]} {[%emt 00:00:05]} Nc6
{[%clk 01:32:13]} {[%emt 00:00:03]} 5. Nc3 {[%clk 01:24:46]} {[%emt 00:06:28]}
Qc7 {[%clk 01:32:18]} {[%emt 00:00:26]} 6. Ndb5 {[%clk 01:13:23]} {[%emt
00:11:52]} Qb8 {[%clk 01:31:59]} {[%emt 00:00:49]} 7. g3 {[%clk 01:05:19]}
{[%emt 00:08:34]} a6 {[%clk 01:31:02]} {[%emt 00:01:28]} 8. Nd4 {[%clk
01:05:17]} {[%emt 00:00:31]} Nf6 {[%clk 01:30:14]} {[%emt 00:01:17]} 9. Bg2
{[%clk 01:02:13]} {[%emt 00:03:35]} Be7 {[%clk 01:25:22]} {[%emt 00:05:22]} 10.
O-O {[%clk 01:01:45]} {[%emt 00:00:58]} O-O {[%clk 01:24:57]} {[%emt 00:00:55]}
11. Re1 {[%clk 00:59:22]} {[%emt 00:02:54]} d6 {[%clk 01:22:51]} {[%emt
00:02:36]} 12. Nxc6 {[%clk 00:55:38]} {[%emt 00:04:14]} bxc6 {[%clk 01:23:12]}
{[%emt 00:00:08]} 13. e5 {[%clk 00:52:07]} {[%emt 00:04:01]} Nd5 {[%clk
01:19:37]} {[%emt 00:04:05]} 14. Nxd5 {[%clk 00:46:59]} {[%emt 00:05:39]} cxd5
{[%clk 01:19:57]} {[%emt 00:00:10]} 15. exd6 {[%clk 00:43:46]} {[%emt
00:03:43]} Bxd6 {[%clk 01:20:03]} {[%emt 00:00:24]} 16. c4 {[%clk 00:43:45]}
{[%emt 00:00:31]} Bb7 {[%clk 01:14:37]} {[%emt 00:05:55]} 17. cxd5 {[%clk
00:42:16]} {[%emt 00:02:00]} exd5 {[%clk 01:14:36]} {[%emt 00:00:30]} 18. Bxd5
{[%clk 00:34:54]} {[%emt 00:07:51]} Bxd5 {[%clk 01:15:00]} {[%emt 00:00:07]}
19. Qxd5 {[%clk 00:35:17]} {[%emt 00:00:07]} Qc7 {[%clk 01:15:17]} {[%emt
00:00:13]} 20. Be3 {[%clk 00:34:23]} {[%emt 00:01:24]} Rfd8 {[%clk 01:14:53]}
{[%emt 00:00:54]} 21. Rac1 {[%clk 00:31:51]} {[%emt 00:03:02]} Qb8 {[%clk
01:14:02]} {[%emt 00:01:19]} 22. Red1 {[%clk 00:27:22]} {[%emt 00:05:01]} Qxb2
{[%clk 01:10:50]} {[%emt 00:03:42]} 23. Rb1 {[%clk 00:20:16]} {[%emt 00:07:36]}
Qe5 {[%clk 01:09:14]} {[%emt 00:02:05]} 24. Rb6 {[%clk 00:18:19]} {[%emt
00:02:27]} Bc7 {[%clk 01:09:03]} {[%emt 00:00:41]} 25. Qxd8+ {[%clk 00:10:02]}
{[%emt 00:08:48]} Rxd8 {[%clk 01:09:06]} {[%emt 00:00:27]} 26. Rxd8+ {[%clk
00:10:11]} {[%emt 00:00:20]} Bxd8 {[%clk 01:09:31]} {[%emt 00:00:06]} 27. Rxa6
{[%clk 00:10:25]} {[%emt 00:00:16]} h6 {[%clk 01:09:47]} {[%emt 00:00:14]} 28.
Ra8 {[%clk 00:10:23]} {[%emt 00:00:32]} Qd5 {[%clk 01:10:01]} {[%emt 00:00:14]}
29. Ra7 {[%clk 00:09:13]} {[%emt 00:01:42]} Kh7 {[%clk 01:10:00]} {[%emt
00:00:31]} 30. a4 {[%clk 00:09:21]} {[%emt 00:00:23]} Qf5 {[%clk 01:07:14]}
{[%emt 00:03:14]} 31. h4 {[%clk 00:08:33]} {[%emt 00:01:18]} Bb6 {[%clk
01:07:12]} {[%emt 00:00:32]} 32. Bxb6 {[%clk 00:05:58]} {[%emt 00:03:05]} Qb1+
{[%clk 01:07:37]} {[%emt 00:00:04]} 33. Kh2 {[%clk 00:06:16]} {[%emt 00:00:12]}
Qxb6 {[%clk 01:07:59]} {[%emt 00:00:08]} 34. Rxf7 {[%clk 00:06:39]} {[%emt
00:00:07]} Kg6 {[%clk 01:07:41]} {[%emt 00:00:48]} 35. Rf4 {[%clk 00:06:41]}
{[%emt 00:00:28]} Kh7 {[%emt 00:03:39]} 36. Rf7 {[%clk 00:03:57]} Qa6 {[%clk
01:06:37]} {[%emt 00:01:39]} 37. Rf4 {[%clk 00:03:49]} {[%emt 00:00:38]} g5
{[%clk 01:06:54]} {[%emt 00:00:14]} 38. hxg5 {[%clk 00:02:01]} {[%emt
00:02:18]} hxg5 {[%clk 01:07:18]} {[%emt 00:00:05]} 39. Rf5 {[%clk 00:00:54]}
{[%emt 00:01:38]} Kg6 {[%clk 01:07:30]} {[%emt 00:00:18]} 40. g4 {[%clk
00:00:51]} {[%emt 00:00:33]} Qxa4 {[%clk 01:07:54]} {[%emt 00:00:05]} 41. f3
{[%clk 00:00:44]} {[%emt 00:00:37]} Qc2+ {[%clk 01:06:33]} {[%emt 00:01:50]}
42. Kg3 {[%clk 00:00:53]} {[%emt 00:00:22]} Qe2 {[%clk 01:06:05]} {[%emt
00:00:58]} 43. Kh3 {[%clk 00:29:42]} {[%emt 00:01:41]} Qf2 {[%clk 01:34:35]}
{[%emt 00:01:59]} 44. Rf8 {[%clk 00:28:35]} {[%emt 00:01:38]} Qe1 {[%clk
01:27:46]} {[%emt 00:07:19]} 45. Rf5 {[%clk 00:28:00]} {[%emt 00:01:04]} Qh4+
{[%clk 01:28:07]} {[%emt 00:00:09]} 46. Kg2 {[%clk 00:28:19]} {[%emt 00:00:12]}
Kg7 {[%clk 01:28:32]} {[%emt 00:00:05]} 47. Kf1 {[%emt 00:03:42]} Qh2 {[%clk
01:25:59]} 48. Rxg5+ {[%clk 00:27:45]} {[%emt 00:00:54]} Kf6 {[%clk 01:26:05]}
{[%emt 00:00:25]} 49. Rf5+ {[%clk 00:28:03]} {[%emt 00:00:12]} Ke6 {[%clk
01:26:26]} {[%emt 00:00:09]} 50. Ke1 {[%clk 00:28:21]} {[%emt 00:00:11]} Qg2
{[%clk 01:26:49]} {[%emt 00:00:08]} 51. Kd1 {[%clk 00:28:27]} {[%emt 00:00:24]}
Qf2 {[%clk 01:27:05]} {[%emt 00:00:13]} 52. Rf8 {[%clk 00:15:48]} {[%emt
00:13:09]} Kd5 {[%clk 01:26:45]} {[%emt 00:00:50]} 53. Rd8+ {[%clk 00:09:54]}
{[%emt 00:06:25]} Kc6 {[%clk 01:27:03]} {[%emt 00:00:12]} 54. Rc8+ {[%clk
00:09:21]} {[%emt 00:01:03]} Kb7 {[%clk 01:27:19]} {[%emt 00:00:14]} 55. Rf8
{[%clk 00:09:38]} {[%emt 00:00:12]} Qd4+ {[%clk 01:23:33]} {[%emt 00:04:18]}
56. Ke2 {[%clk 00:09:08]} {[%emt 00:01:00]} Qc4+ {[%clk 01:23:54]} {[%emt
00:00:08]} 57. Kd1 {[%clk 00:09:21]} {[%emt 00:00:17]} Qa4+ {[%clk 01:23:58]}
{[%emt 00:00:24]} 58. Ke2 {[%clk 00:09:32]} {[%emt 00:00:21]} Qb5+ {[%clk
01:24:17]} {[%emt 00:00:10]} 59. Kd1 {[%clk 00:09:41]} {[%emt 00:00:22]} Qd7+
{[%clk 01:24:29]} {[%emt 00:00:18]} 60. Kc2 {[%clk 00:08:23]} {[%emt 00:01:48]}
Qc6+ {[%clk 01:24:48]} {[%emt 00:00:10]} 61. Kb3 {[%clk 00:08:19]} {[%emt
00:00:35]} Qb5+ {[%clk 01:25:09]} {[%emt 00:00:08]} 62. Ka2 {[%clk 00:05:22]}
{[%emt 00:03:28]} Qa4+ {[%clk 01:25:35]} {[%emt 00:00:05]} 63. Kb1 {[%clk
00:05:37]} {[%emt 00:00:14]} Qb4+ {[%clk 01:26:01]} {[%emt 00:00:03]} 64. Kc2
{[%clk 00:05:59]} {[%emt 00:00:09]} Qxf8 {[%clk 01:26:28]} {[%emt 00:00:03]}
65. g5 {[%clk 00:06:18]} {[%emt 00:00:11]} Qxf3 {[%clk 01:26:52]} {[%emt
00:00:06]} 66. g6 {[%clk 00:06:45]} {[%emt 00:00:04]} Qg2+ {[%clk 01:27:18]}
{[%emt 00:00:04]} 67. Kb1 {[%clk 00:06:58]} {[%emt 00:00:16]} Qxg6+ {[%clk
01:27:42]} {[%emt 00:00:06]} 68. Ka1 {[%clk 00:07:24]} {[%emt 00:00:04]} Qg2
{[%clk 01:28:00]} {[%emt 00:00:12]} 69. Kb1 {[%clk 00:07:51]} {[%emt 00:00:03]}
Qd2 {[%clk 01:28:27]} {[%emt 00:00:03]} 70. Ka1 {[%clk 00:08:15]} {[%emt
00:00:06]} Kb6 {[%clk 01:28:52]} {[%emt 00:00:05]} 71. Kb1 {[%clk 00:08:41]}
{[%emt 00:00:05]} Kb5 {[%clk 01:29:15]} {[%emt 00:00:07]} 72. Ka1 {[%clk
00:09:07]} {[%emt 00:00:03]} Kb4 {[%clk 01:29:40]} {[%emt 00:00:05]} 73. Kb1
{[%clk 00:09:34]} {[%emt 00:00:04]} Ka3 {[%clk 01:29:57]} {[%emt 00:00:12]} 74.
Ka1 {[%clk 00:09:59]} {[%emt 00:00:05]} Qc1# {[%clk 01:30:22]} {[%emt
00:00:06]} 0-1

[Event "ODJM B 2024"]
[Site "Willingen GER"]
[Date "2024.05.22"]
[Round "6"]
[White "Rössling, Laura Marie"]
[Black "Foos, Vanessa"]
[Result "0-1"]
[Termination "normal"]
[Board "38"]
[WhiteElo "1599"]
[BlackElo "1588"]
[WhiteClock "01:18:43"]
[BlackClock "00:47:33"]
[PlyCount "70"]
[WhiteFideId "16289471"]
[BlackFideId "16245270"]
[EventCountry "GER"]
[EventRounds "9"]
[EventType "swiss"]
[EventDate "2024.05.18"]

1. e4 {[%clk 01:30:52]} {[%emt 00:00:07]} c5 {[%clk 01:30:54]} {[%emt
00:00:07]} 2. Nf3 {[%clk 01:31:11]} {[%emt 00:00:10]} Nc6 {[%clk 01:31:19]}
{[%emt 00:00:07]} 3. d4 {[%clk 01:31:02]} {[%emt 00:00:38]} cxd4 {[%clk
01:31:44]} {[%emt 00:00:05]} 4. Nxd4 {[%clk 01:31:11]} {[%emt 00:00:21]} Nf6
{[%clk 01:32:09]} {[%emt 00:00:05]} 5. Nc3 {[%clk 01:31:04]} {[%emt 00:00:36]}
e5 {[%clk 01:32:29]} {[%emt 00:00:10]} 6. Ndb5 {[%clk 01:31:09]} {[%emt
00:00:24]} d6 {[%clk 01:32:51]} {[%emt 00:00:09]} 7. Bg5 {[%clk 01:31:28]}
{[%emt 00:00:10]} a6 {[%clk 01:33:05]} {[%emt 00:00:17]} 8. Na3 {[%clk
01:31:42]} {[%emt 00:00:17]} b5 {[%clk 01:32:50]} {[%emt 00:00:46]} 9. Nd5
{[%clk 01:31:51]} {[%emt 00:00:20]} Be7 {[%clk 01:33:09]} {[%emt 00:00:11]} 10.
Bxf6 {[%clk 01:31:57]} {[%emt 00:00:23]} Bxf6 {[%clk 01:33:19]} {[%emt
00:00:21]} 11. c3 {[%clk 01:32:15]} {[%emt 00:00:12]} Ne7 {[%clk 01:30:47]}
{[%emt 00:03:02]} 12. Nc2 {[%clk 01:31:34]} {[%emt 00:01:11]} Nxd5 {[%clk
01:27:20]} {[%emt 00:03:58]} 13. Qxd5 {[%clk 01:31:30]} {[%emt 00:00:33]} Ra7
{[%clk 01:27:38]} {[%emt 00:00:13]} 14. Ne3 {[%clk 01:30:30]} {[%emt 00:01:28]}
Bb7 {[%clk 01:25:53]} {[%emt 00:02:15]} 15. Qd3 {[%clk 01:28:16]} {[%emt
00:02:38]} O-O {[%clk 01:14:34]} {[%emt 00:11:56]} 16. Be2 {[%clk 01:26:11]}
{[%emt 00:02:34]} Qa8 {[%clk 01:04:16]} {[%emt 00:10:49]} 17. Bf3 {[%clk
01:21:31]} {[%emt 00:05:09]} Rd8 {[%clk 01:04:29]} {[%emt 00:00:18]} 18. Rd1
{[%clk 01:20:53]} {[%emt 00:01:08]} Bc6 {[%clk 01:00:03]} {[%emt 00:04:56]} 19.
O-O {[%clk 01:20:29]} {[%emt 00:00:53]} Rad7 {[%clk 00:46:33]} {[%emt
00:14:01]} 20. Nd5 {[%clk 01:17:48]} {[%emt 00:03:04]} Bxd5 {[%clk 00:46:58]}
{[%emt 00:00:11]} 21. Qxd5 {[%clk 01:18:02]} {[%emt 00:00:15]} Qc8 {[%clk
00:46:14]} {[%emt 00:01:15]} 22. Bg4 {[%clk 01:18:17]} {[%emt 00:00:16]} Qc4
{[%clk 00:45:09]} {[%emt 00:01:35]} 23. Qxc4 {[%clk 01:18:19]} {[%emt
00:00:28]} bxc4 {[%clk 00:45:35]} {[%emt 00:00:04]} 24. Bxd7 {[%emt 00:00:14]}
Rxd7 {[%clk 00:46:00]} 25. Rd5 {[%clk 01:18:51]} {[%emt 00:00:15]} Be7 {[%clk
00:46:26]} {[%emt 00:00:08]} 26. Rfd1 {[%clk 01:18:55]} {[%emt 00:00:25]} Rb7
{[%clk 00:46:40]} {[%emt 00:00:16]} 27. R1d2 {[%clk 01:18:46]} {[%emt
00:00:38]} g6 {[%clk 00:46:44]} {[%emt 00:00:27]} 28. Ra5 {[%clk 01:19:01]}
{[%emt 00:00:14]} Rb6 {[%clk 00:47:09]} {[%emt 00:00:06]} 29. Ra4 {[%clk
01:19:06]} {[%emt 00:00:25]} Bg5 {[%clk 00:46:51]} {[%emt 00:00:47]} 30. Rc2
{[%clk 01:18:04]} {[%emt 00:01:21]} Rc6 {[%clk 00:47:14]} {[%emt 00:00:20]} 31.
Rb4 {[%clk 01:17:55]} {[%emt 00:00:31]} f5 {[%clk 00:47:06]} {[%emt 00:00:45]}
32. exf5 {[%clk 01:17:53]} {[%emt 00:00:32]} gxf5 {[%clk 00:47:29]} {[%emt
00:00:07]} 33. a4 {[%clk 01:18:18]} {[%emt 00:00:05]} Rc5 {[%clk 00:47:18]}
{[%emt 00:00:41]} 34. Rb6 {[%clk 01:18:21]} {[%emt 00:00:21]} Rd5 {[%clk
00:47:43]} {[%emt 00:00:11]} 35. Rxa6 {[%clk 01:18:43]} {[%emt 00:00:08]} Rd1#
{[%clk 00:47:33]} {[%emt 00:00:03]} 0-1